Phrases sans texte (notice n° 2198701)
[ vue normale ]
| 000 -LEADER | |
|---|---|
| fixed length control field | 01511cam a2200133 4500500 |
| 005 - DATE AND TIME OF LATEST TRANSACTION | |
| control field | 20260405085559.0 |
| 041 ## - LANGUAGE CODE | |
| Language code of text/sound track or separate title | fre |
| 042 ## - AUTHENTICATION CODE | |
| Authentication code | dc |
| 100 10 - MAIN ENTRY--PERSONAL NAME | |
| Personal name | Maingueneau, Dominique |
| Relator term | author |
| 245 00 - TITLE STATEMENT | |
| Title | Phrases sans texte |
| 260 ## - PUBLICATION, DISTRIBUTION, ETC. | |
| Name of publisher, distributor, etc. | Armand Colin,<br/> |
| Date of publication, distribution, etc. | 2012.<br/> |
| 520 ## - SUMMARY, ETC. | |
| Summary, etc. | Sentences, slogans, proverbes, petites phrases, formules, maximes, titres dans la presse : les phrases « sans texte » sont partout… Bien qu’inscrites dans des textes (une conversation, un traité, un site d’information…), elles prétendent échapper à l’ordre du texte, et cette simple propriété mérite qu’on s’y arrête.Dire une phrase, est-ce la même chose quand cette phrase fait partie d’un texte et quand elle est détachée ? Qui parle alors, et à qui ? Comment construit-on l’interprétation de ces phrases qui ne sont pas prises dans la continuité d’un texte ? Ce sont ces questions et d’autres qu’aborde ce livre, passant des quotidiens gratuits à la philosophie, du discours religieux à la politique.L’énonciation apparaît ainsi partagée entre deux régimes : celui des textes et des genres de discours, et celui des phrases sans texte, des « aphorisations ». Mais une telle différence ne ressortit pas aux modes usuels : ces deux régimes ne sont pas deux espèces d’un genre proche, mais plutôt une manière pour l’énonciation de ne pas coïncider avec elle-même. |
| 856 41 - ELECTRONIC LOCATION AND ACCESS | |
| Uniform Resource Identifier | <a href="https://shs.cairn.info/phrases-sans-texte--9782200276706?lang=fr&redirect-ssocas=7080">https://shs.cairn.info/phrases-sans-texte--9782200276706?lang=fr&redirect-ssocas=7080</a> |
Pas d'exemplaire disponible.




Réseaux sociaux